000 00645nam a22002537a 4500
003 UA-OsUOA
001 119624
007 ta
008 20161108b un ||||| |||| 00| 0 ukr d
100 _aSchewtschenko T.
090 _a821.161.2=112.2
942 _cBK
040 _aUA-OsUOA
_bger
_cUA-OsUOA
_dUA-OsUOA
245 _aKobsar
300 _a496 p.
955 _a3
041 _ager
080 _a821.161.2=112.2
020 _a978-966-578-241-4
260 _aК.
_bDnipro
_c2014
650 7 _a82 Література. Літературознавство
_2UDC
999 _c405392
_d405392